| 000 | 00341nam a22001577a 4500 | ||
|---|---|---|---|
| 003 | SGT | ||
| 020 | _a9780-7817-9427-5 | ||
| 082 |
_a611.8 _bC17S |
||
| 100 | _aSNELL, RICHARD.S. | ||
| 245 | _aCLINICAL NEUROANATOMY | ||
| 250 | _a7TH | ||
| 260 |
_aNEW DELHI _bWOLTERS PUB _c2017 |
||
| 300 | _a542 | ||
| 650 | _aAYURVEDA | ||
| 942 |
_2ddc _cBK _03 |
||
| 999 |
_c14672 _d14672 |
||